000 00964nam a22003137a 4500
001 BR7401393
003 BR-BrBNA
005 20230928084556.0
007 ta
008 230509b bl.||||| |||| 00| 0 por d
040 _aBR-BrBNA
_bpor
_cBiblioteca Nacional de Agricultura
041 _a(Por)
072 _aF00; E15
_b0180
_b/G514
090 _ 0180 BR7401393
110 1 _aComissao Central de Levantamento e Fiscalizacao das Safras Triticolas, Porto Alegre, RS (Brasil)
_91954
245 1 _aTrigo nacional. Levantamento das lavouras: Rio Grande do Sul, Santa Catarina, Parana, safra 1963/64 [Brasil]
260 3 _aPorto Alegre, RS (Brasil):
_c1964.
300 _a243 p.
500 _aNumerical data
650 _aSAFRA
650 _aESTATISTICA DE PRODUCAO
650 _aTRIGO
650 _aFINANCIAMENTO
650 _aRIO GRANDE DO SUL
650 _aSANTA CATARINA
650 _aPARANA
909 _a202309
_bLucia
_c55
_dLucia Elande
942 _cBK
999 _c19854
_d19854